| 000 | 01332nam a2200373 i 4500 | ||
|---|---|---|---|
| 999 |
_c64935 _d64935 |
||
| 001 | 768714001 | ||
| 003 | CO-MdFUSB | ||
| 005 | 20190415121750.0 | ||
| 008 | 190408t2011 sp |||| |||| 00| 0 spa d | ||
| 020 | _a9788433963222 | ||
| 040 |
_aCO-MdFUSB _bspa _cCO-MdFUSB _dCO-MdFUSBC _erda |
||
| 041 | _aspa | ||
| 082 |
_230 _a306.09 _bSE478 |
||
| 100 |
_aSennett, Richard. _eautor |
||
| 245 |
_aEl declive del hombre público _c/ Sennett Richard ; traducido por Gerardo Di Masso. |
||
| 264 | 1 |
_aBarcelona : _bAnagrama, _c[2011] |
|
| 264 | 4 | _c©2011 | |
| 300 |
_a463 páginas _c; 24 cm |
||
| 336 |
_2rdacontent _atexto _btxt |
||
| 337 |
_2rdamedia _asin mediación _bn |
||
| 338 |
_2rdacarrier _avolumen _bnc |
||
| 490 | _aArgumentos | ||
| 505 |
_gPRIMERA PARTE: _tEl problema público. _gSEGUNDA PARTE: _tEl mundo público del "Ancien Régime" _gTERCERA PARTE: _tEl desorden de la vida pública en el siglo XIX. _gCUARTA PARTE: _tLa sociedad íntima. |
||
| 563 | _aRústico | ||
| 650 | 7 |
_972 _aPsicología social |
|
| 650 | 7 |
_9260 _aHistoria social |
|
| 650 | 0 |
_91167 _aUsos y costumbres |
|
| 650 | 7 |
_973 _aInteracción social |
|
| 650 | 7 |
_9188 _aVida urbana |
|
| 653 | _aAlienación (psicología social). | ||
| 653 |
_aVida comunitaria. _aParticipación social. _aSociología urbana. |
||
| 830 |
_aArgumentos. _v423 |
||
| 942 | _cBK | ||